00806nam a22001697a 4500008004100000020001800041040000800059041000800067050002300075100002900098245008700127260004100214300005500255520027400310650002700584650002500611250121b |||||||| |||| 00| 0 eng d a9789063696054 ctbs aeng aHF5718b.B718 2021 aBrand, Willemieneauthor aMy icon libraryb: build & expand your own visual vocabulary c/ Brand, Willemien. aAmsterdam : bBIS Publishers,c2021. a224 pages : illustrations (chiefly color) ; 17 cm. aEssential collection of impactful images that will empower you to embark on your own journey of visual thinking and storytelling. The collection consist of the most common, interesting, weird and wonderful concepts created during the author's visual thinking workshops. 0aBusiness communication 0aVisual communication